A knapsack guide to Palestine /

محفوظ في:

المؤلف الرئيسي: Viator (مؤلف)

التنسيق: كتاب

اللغة: English

منشور في: London : Standard Press, 1917.

الموضوعات:

الوسوم: إضافة وسم

لا توجد وسوم, كن أول من يضع وسما على هذه التسجيلة!

رقم الطلب: DS49 .K62 1917

LEADER 00880namaa2200253 4500
001 20753
003 OSt
005 20260310065755.0
008 130303s1917 enkabf 000 0 eng d
040 |c ARCE Library 
043 |a awba---  |a awgz---  |a a-sy--- 
050 4 |a DS49 .K62 1917 
100 0 |a Viator,  |e author  |9 41662 
245 1 2 |a A knapsack guide to Palestine /  |c compiled and edited by Viator.  
246 1 4 |a Knapsack guide to Palestine and Syria with map. 
264 1 |a London :  |b Standard Press,  |c 1917. 
300 |a 148, vi pages, [16] leaves of plates :  |b illustrations, maps ;  |c 18 cm. 
500 |a Cover title: Knapsack guide to Palestine and Syria with map. 
651 0 |a Palestine  |x Description and travel. 
651 0 |a Syria  |x Description and travel. 
740 0 |a Knapsack guide to Palestine and Syria with map  
901 |a reviewed 
942 |2 lcc  |c BK 
999 |c 17202  |d 17202